Na ceste k radosti

Bibliographic Details
Main Author: Haig, Matt, 1975- (Author)
Other Authors: Melcerová, Jana (Translator)
Format: Book
Language:Slovak
English
PhysicalDescription:261 strán 21 cm
Published: Bratislava Ikar 2023
ISBN:9788055190518
Subjects:

MARC

LEADER 00000cam a2200000 4500
001 vtls012245772
003 SK-MaSNL
005 20260301085238.0
008 231208s2023 xo g f 000 1 slo
015 |a SNBA2024/01 
020 |a 9788055190518  |q (viazané) 
040 |a SNK  |b slo  |c SNK  |e rda 
041 0 |a slo  |h eng 
044 |a xo  |c SK 
072 7 |a Essays  |2 konspekt 
080 |a 17.02  |2 2011 
080 |a 165.242.1  |2 2011 
080 |a 159.923.5  |2 2011 
080 |a 364.6-027.233.4  |2 2001 
080 |a (0:82-4)  |2 2011 
080 |a (035)  |2 2011 
100 1 |a Haig, Matt,  |d 1975-  |4 aut  |9 124351 
240 1 4 |a The comfort book  |l Slovensky 
245 1 0 |a Na ceste k radosti  |c Matt Haig ; preložila Jana Melcerová 
246 1 |i Obálkový podnázov:  |a Návod, ako viesť zmysluplnejší život 
264 1 |a Bratislava  |b Ikar  |c 2023 
300 |a 261 strán  |c 21 cm 
336 |a text  |b txt  |2 rdacontent 
337 |a bez média  |b n  |2 rdamedia 
338 |a zväzok  |b nc  |2 rdacarrier 
500 |a Preložené z angličtiny 
500 |a Obsahuje stručné biografické údaje o autorovi na obale 
650 0 7 |a životná múdrosť  |2 SNKPH  |9 4008 
650 0 7 |a Life wisdom  |2 SNKPHeng  |9 305004 
650 0 7 |a zmysel života  |2 SNKPH  |9 4977 
650 0 7 |a Sense of life  |2 SNKPHeng  |9 270861 
650 0 7 |a sebapoznanie  |2 SNKPH  |9 4292 
650 0 7 |a Self-consciousness  |2 SNKPHeng  |9 281701 
650 0 7 |a sebazdokonaľovanie  |2 SNKPH  |9 16609 
650 0 7 |a Self-actualization  |2 SNKPHeng  |9 275895 
650 0 7 |a životné krízy  |2 SNKPH  |9 74533 
650 0 7 |a Life crises  |2 SNKPHeng  |9 331003 
655 7 |a úvahy  |2 SNKPH  |9 29403 
655 7 |a Essays  |2 SNKPHeng  |9 267540 
655 7 |a príručky  |2 SNKPH  |9 74364 
655 7 |a Handbooks, manuals, etc.  |2 SNKPHeng  |9 90964 
700 1 |a Melcerová, Jana  |4 trl  |9 179344 
852 |a Slovenská národná knižnica 
919 |a 978-80-551-9051-8 
954 |a iná literatúra (príručky, kuchárske knihy, hobby literatúra, sprievodcovia) cudzojazyčná (svetová)  |2 lita 
958 |a UP 
968 |b ENG 
999 |c 665348  |d 667278 
952 |a SNK  |b SNK  |y PREZ  |7 0  |p 17A1540330  |o snkSC 204526  |i snk2023/17988  |8 0  |0 0  |1 0  |4 0  |d 2023-12-08  |l 0  |r 2025-10-28 00:00:00  |w 2026-02-23 
952 |a SNK  |b SNK  |y VYP  |7 0  |p 17A1540331  |o snkSC 204526 D1  |i snk2023/17989  |8 0  |0 0  |1 0  |4 0  |d 2023-12-08  |l 0  |r 2026-02-23 19:07:25  |w 2026-02-23